Problemas de derecho sucesorio (Record no. 44105)

MARC details
000 -LEADER
campo de control de longitud fija 00734nam a2200193 i 4500
001 - NÚMERO DE CONTROL
campo de control 44105
003 - IDENTIFICADOR DE NÚMERO DE CONTROL
campo de control ES-MaACL
005 - FECHA Y HORA DE LA ÚLTIMA TRANSACCIÓN
campo de control 20230906160945.0
007 - CAMPO FIJO DE DESCRIPCIÓN FÍSICA--INFORMACIÓN GENERAL
campo de control de longitud fija t|
008 - DATOS DE LONGITUD FIJA--INFORMACIÓN GENERAL
campo de control de longitud fija 030320q19501959sp ||||1| spa d
100 1# - ENTRADA PRINCIPAL--NOMBRE DE PERSONA
Nombre de persona Cicu, Antonio.
9 (RLIN) 38755
245 10 - MENCIÓN DEL TÍTULO
Título Problemas de derecho sucesorio
Resto del título : conferencia... 18 de abril de 1950 /
Mención de responsabilidad, etc. Antonio Cicu ; traducción, prólogo y notas de Ignacio Serrano.
260 ## - PUBLICACIÓN, DISTRIBUCIÓN, ETC.
Lugar de publicación, distribución, etc. Valladolid :
Nombre del editor, distribuidor, etc. Universidad de Valladolid,
Fecha de publicación, distribución, etc. [195?] (
Fabricante Imp. Provincial)
300 ## - DESCRIPCIÓN FÍSICA
Extensión XI, 35 p. ;
Dimensiones 21 cm.
500 ## - NOTA GENERAL
Nota general Precede al tít.: Universidad de Valladolid.
500 ## - NOTA GENERAL
Nota general Es separata de: Seminarios de la Facultad de Derecho.
710 2# - ENTRADA AGREGADA--NOMBRE DE ENTIDAD CORPORATIVA
Nombre de entidad corporativa o nombre de jurisdicción como elemento de entrada Universidad de Valladolid.
9 (RLIN) 7332
852 ## - LOCALIZACIÓN
Ubicación ES-MaACL
Número de control de estantería 1927-F-25
Sublocalización o colección R.31375
Holdings
Estatus retirado Estado de pérdida Estado de daño No para préstamo Colección Biblioteca de origen Biblioteca actual Ubicación en estantería Fecha de adquisición Fuente de adquisición Total de préstamos Signatura topográfica completa Código de barras Visto por última vez Precio de reemplazo Tipo de ítem Koha
        Colección de folletos Biblioteca del Ateneo de Madrid Biblioteca del Ateneo de Madrid Depósito folletos 17/01/2008     1927-F-25 1046422 23/02/2023 23/02/2023 Folleto